SEJAMBAK KENANGAN : (Record no. 4127)

000 -LEADER
fixed length control field nam a22 a 4500
003 - CONTROL NUMBER IDENTIFIER
control field AKMAL
005 - DATE AND TIME OF LATEST TRANSACTION
control field 20170525112735.0
008 - FIXED-LENGTH DATA ELEMENTS--GENERAL INFORMATION
fixed length control field 170525s19811981my a e h a000 0 may d
040 ## - CATALOGING SOURCE
Original cataloging agency AKMAL
Description conventions rda
Transcribing agency AKMAL
082 04 - DEWEY DECIMAL CLASSIFICATION NUMBER
Classification number 920.008 SAM
Edition number 23
090 00 - LOCALLY ASSIGNED LC-TYPE CALL NUMBER (OCLC); LOCAL CALL NUMBER (RLIN)
Classification number (OCLC) (R) ; Classification number, CALL (RLIN) (NR) 920.008
Local cutter number (OCLC) ; Book number/undivided call number, CALL (RLIN) SAM
100 0# - MAIN ENTRY--PERSONAL NAME
Personal name A. Samad Ahmad
Fuller form of name (Abdul Samad Ahmad),
Dates associated with a name 1913-,
Relator term author.
9 (RLIN) 8093
245 10 - TITLE STATEMENT
Title SEJAMBAK KENANGAN :
Remainder of title (sebuah autobiografi) /
Statement of responsibility, etc. A.SAMAD AHMAD
264 #1 - PRODUCTION, PUBLICATION, DISTRIBUTION, MANUFACTURE, AND COPYRIGHT NOTICE
Place of production, publication, distribution, manufacture KUALA LUMPUR :
Name of producer, publisher, distributor, manufacturer Dewan Bahasa dan Pustaka, Kementerian Pelajaran Malaysia,
Date of production, publication, distribution, manufacture, or copyright notice 1981
264 #4 - PRODUCTION, PUBLICATION, DISTRIBUTION, MANUFACTURE, AND COPYRIGHT NOTICE
Date of production, publication, distribution, manufacture, or copyright notice ©1981
300 ## - PHYSICAL DESCRIPTION
Extent xiii, 317 pages :
Other physical details illustrations ;
Dimensions 22 cm
336 ## - CONTENT TYPE
Content type term text
Source rdacontent
337 ## - MEDIA TYPE
Media type term unmediated
Source rdamedia
338 ## - CARRIER TYPE
Carrier type term volume
Source rdacarrier
600 00 - SUBJECT ADDED ENTRY--PERSONAL NAME
Personal name A. Samad Said
Fuller form of name (Abdul Samad Said),
Dates associated with a name 1935-
9 (RLIN) 8094
650 10 - SUBJECT ADDED ENTRY--TOPICAL TERM
Topical term or geographic name entry element Authors, Malaysia
Form subdivision Biography
9 (RLIN) 8095
942 ## - ADDED ENTRY ELEMENTS (KOHA)
Source of classification or shelving scheme
Koha item type Book
Holdings
Withdrawn status Lost status Source of classification or shelving scheme Damaged status Not for loan Collection code Home library Current library Shelving location Date acquired Inventory number Total Checkouts Full call number Barcode Date last seen Price effective from Koha item type
          NON-FICTION AKMAL Melaka AKMAL Melaka PINJAMAN 25.05.2017 900326   920.008 SAM 201705377 25.05.2017 25.05.2017 Book
Pusat Sumber Maklumat Dato' Haji Sarmin Md Hussin, Akademi Kastam Diraja Malaysia, Melaka
Tel: 06-2331106 | Faks: 06-2313787